00511nam a22001697a 4500003000900000008004100009020002200050040007100072082002300143110001900166245003300185260003700218300004600255650001200301650001300313650001500326AR-CdUCM190429b ||||| |||| 00| 0 spa d a978-607-404-830-8 aMUNICIPALIDAD PROVINCIAL DEL CUSCOcBIBLIOTECA MUNICIPAL DEL CUSCO aPI / 376.1 /bAP64 aSilver dolphin aAprende a usar los botones / aMexico :bSilver dolphin,c2013. bIlustraciones, graficos, dibujos,c15 cm. aCuentos aHistoria aLiteratura